000 00586nam a22002297a 4500
003 UA-OsUOA
001 88511
007 ta
008 20121008b un ||||| |||| 00| 0 ukr d
100 _aГулак-Артемовський П. П.
090 _a821.161.2
_bГ94
942 _cBK
040 _aUA-OsUOA
_bukr
_cUA-OsUOA
_dUA-OsUOA
245 _aТвори
300 _a270 с.
955 _a3
041 _aukr
080 _a821.161.2
260 _aК.
_bДніпро
_c1964
650 7 _a82 Література. Літературознавство
_2UDC
999 _c374375
_d374375